| 000 | 00504nam a2200169 i 4500 | ||
|---|---|---|---|
| 001 | 35793 | ||
| 003 | ES-MaACL | ||
| 005 | 20230906155221.0 | ||
| 007 | t| | ||
| 008 | 030214s1973 sp ||||1| spa d | ||
| 100 | 1 |
_aBracanti, Vitaliano. _931231 |
|
| 245 | 1 | 3 |
_aEl guapo Antonio / _cVitaliano Bracanti ; [traducción: Rosa Marcela Pericás]. |
| 260 |
_aBarcelona : _bPlaneta, _c[1973] |
||
| 300 |
_a230 p. ; _c21 cm. |
||
| 700 | 1 |
_aPericás, Rosa Marcela. _991250 |
|
| 852 |
_aES-MaACL _jC-53963 _bR.86565 |
||
| 999 |
_c35793 _d35793 |
||